00957nam a22002417a 450000500170000001000130001702000220003003500130005203700160006504000120008108200130009310000330010624502030013926000390034227000710038130000220045265000250047465000190049970000270051894200220054599900190056795201290058620170124110234.0 aB-093544 c395.00a817812081 aB-093544 bCen Lib/Ret aDPLbEN a570bRIC aRichharia, Ritambhara941819 aR. Gupta's popular master guide UGC-CSIR NET life sciences :cby Ritambhara Richharia [and] Anil Richhariabfor awarding junior research fellowship and for determining eligibility for lectureship / aNew DelhibRamesh Publishing House a12-H, New Darya Ganj Road Opp. Traffic Kotwali bNew Delhie110002 a384p. c23cm(pbk) aLife sciences940766 aBiology910215 aRichharia, Anil939029 2ddccENh570mRIC c134810d134810 001040718REFaLbLd2015-07-31eCen Lib/Retg395.00l0o570 RICpB-093544r2015-07-31 00:00:00t1v395.00w2015-07-31yEN